MARC details
| 000 -CABECERA |
| campo de control de longitud fija |
04167nam a2200505Ia 4500 |
| 001 - NÚMERO DE CONTROL |
| campo de control |
dia_6359 |
| 003 - IDENTIFICADOR DEL NÚMERO DE CONTROL |
| campo de control |
CHAP |
| 005 - FECHA Y HORA DE LA ÚLTIMA TRANSACCIÓN |
| campo de control |
20240808183512.0 |
| 007 - CAMPO FIJO DE DESCRIPCIÓN FÍSICA--INFORMACIÓN GENERAL |
| campo de control de longitud fija |
ta |
| 008 - DATOS DE LONGITUD FIJA--INFORMACIÓN GENERAL |
| campo de control de longitud fija |
220117s2016 mx do frm 001 0 spa d |
| 010 ## - NÚMERO DE CONTROL DE LA BIBLIOTECA DEL CONGRESO |
| Número de control de LC |
177785 |
| 040 ## - FUENTE DE LA CATALOGACIÓN |
| Centro/agencia transcriptor |
CHAP |
| Centro catalogador/agencia de origen |
mxchpua |
| Normas de descripción |
rda |
| 041 0# - CÓDIGO DE LENGUA |
| Código de lengua del texto/banda sonora o título independiente |
spa |
| Código de lengua del sumario o resumen |
eng |
| 090 ## - LOCALMENTE ASIGNADO TIPO-LC NÚMERO DE CLASIFICACIÓN (OCLC); NÚMERO DE CLASIFICACIÓN LOCAL (RLIN) |
| Número de clasificación (OCLC) (R) ; Numero de clasificación, CALL (RLIN) (NR) |
Tesis |
| Número cutter local (OCLC) ; Número de libro/Signatura topográfica íntegra, CALL (RLIN) |
G66 |
| año |
2016 |
| 100 1# - ENTRADA PRINCIPAL--NOMBRE DE PERSONA |
| Nombre de persona |
Gómez Ruiz, Magnolia del Rocio |
| 240 10 - TÍTULO UNIFORME |
| Título uniforme |
Postharvest handling is fig (Ficus carica L.) with a cover of chitosan - essential oil. |
| Lenguaje de la obra |
Español |
| 245 10 - MENCIÓN DE TÍTULO |
| Título |
Manejo postcosecha en higo (Ficus carica L.) con una cubierta de quitosano-aceite esencial / |
| Mención de responsabilidad, etc. |
Magnolia del Rocio Gómez Ruiz |
| 264 ## - PRODUCCIÓN, PUBLICACIÓN, DISTRIBUCIÓN, FABRICACIÓN Y COPYRIGHT |
| Producción, publicación, distribución, fabricación y copyright |
Chapingo, México : |
| Nombre del de productor, editor, distribuidor, fabricante |
El autor, |
| Fecha de producción, publicación, distribución, fabricación o copyright |
2016 |
| 300 ## - DESCRIPCIÓN FÍSICA |
| Extensión |
xii, 95 hojas : |
| Otras características físicas |
gráficas, diagramas, tablas, fotos + |
| Material acompañante/anejo |
1 CD-ROM |
| 336 ## - TIPO DE CONTENIDO |
| Fuente |
rdacontent |
| Término de tipo de contenido |
texto |
| Código de tipo de contenido |
txt |
| 337 ## - TIPO DE MEDIO |
| Fuente |
rdamedia |
| Nombre/término del tipo de medio |
no mediado |
| Código del tipo de medio |
n |
| 338 ## - TIPO DE SOPORTE |
| Fuente |
rdacarrier |
| Nombre/término del tipo de soporte |
volumen |
| Código del tipo de soporte |
nc |
| 500 ## - NOTA GENERAL |
| Nota general |
El CD contiene reporte |
| 502 ## - NOTA DE TESIS |
| Nota de tesis |
Tesis |
| Tipo de título |
(Ingeniero Agroindustrial) -- |
| Nombre de la institución que otorga el título |
UACh. Departamento de Ingeniería Agroindustrial, |
| Año de obtención del título |
2016 |
| 504 ## - NOTA DE BIBLIOGRAFÍA, ETC. |
| Nota de bibliografía, etc. |
Bibliografía: hojas 84-92 |
| 520 3# - SUMARIO, ETC. |
| Sumario, etc. |
El higo es una fruta que en los últimos años ha presentado un aumento de su demanda. México destina su producción al mercado de exportación prácticamente en su totalidad. Para satisfacer los mercados se requiere extender su vida postcosecha para permitir su comercialización. Se evaluó el uso de recubrimientos a base de quitosano-aceite esencial en frutos de higo variedad Mission con el objetivo de ampliar su vida postcosecha. Se condujo un experimento bajo un diseño completamente al azar con cuatro tratamientos, en donde se usaron dos tipos de temperaturas de almacenamiento (22 °C y 4 °C). Se usaron frutos provenientes de los huertos de Gómez Palacio, Durango. Los frutos se almacenaron a 15 días, haciendo evaluaciones día con día de pérdida de peso, tasa respiratoria, color, textura, apariencia, microbiológicas, º Brix, pH, humedad, cenizas, acidez titulable, azúcares reductores y una prueba de inhibición en placa de los principales mohos encontrados en el fruto de higo. El uso del recubrimiento compuesto de quitosano y aceite de tomillo permitió prolongar la vida postcosecha de los frutos. Con 15 días de almacenamiento los frutos cubiertos con la película y bajo refrigeración conservan características de calidad para su comercialización. -- |
| 520 3# - SUMARIO, ETC. |
| Sumario, etc. |
The fig is a fruit which in recent years has shown an increase in demand. Mexico devotes practically all the production to the exportation market. In order to satisfy markets it is necessary to enlarge shell life. The use of coatings based on chitosan-oil essential fig fruit variety Mission was evaluated in the present work with the purpose of extending shelf life. An experiment was conducted under a completely randomized with four treatments, where two types of storage temperatures (22 °C and 4 °C) were used. Plant material came from Gómez Palacio, Durango. The fruits were stored during 15 d and assessments of weight loss, respiratory rate, color, texture, appearance, microbiological, °Brix, pH, moisture, ash, titratable acidity, reducing sugars and antimicrobial effect of coatings were carried out every day. The use of composite coating of chitosan and thyme oil extended shelf life of fruits. With a refrigerated storage of 15 d the covered fruits preserved quality characteristics for marketing. |
| 650 13 - PUNTO DE ACCESO ADICIONAL DE MATERIA--TÉRMINO DE MATERIA |
| Término de materia o nombre geográfico como elemento de entrada |
Higos |
| Subdivisión general |
Tecnología postcosecha |
| Fuente del encabezamiento o término |
atg |
| 650 13 - PUNTO DE ACCESO ADICIONAL DE MATERIA--TÉRMINO DE MATERIA |
| Término de materia o nombre geográfico como elemento de entrada |
Preservación de alimentos |
| Fuente del encabezamiento o término |
atg |
| 650 13 - PUNTO DE ACCESO ADICIONAL DE MATERIA--TÉRMINO DE MATERIA |
| Término de materia o nombre geográfico como elemento de entrada |
Quitosán |
| Subdivisión general |
Película comestible |
| Fuente del encabezamiento o término |
atg |
| 650 13 - PUNTO DE ACCESO ADICIONAL DE MATERIA--TÉRMINO DE MATERIA |
| Término de materia o nombre geográfico como elemento de entrada |
Food preservation |
| Fuente del encabezamiento o término |
atg |
| 650 13 - PUNTO DE ACCESO ADICIONAL DE MATERIA--TÉRMINO DE MATERIA |
| Término de materia o nombre geográfico como elemento de entrada |
Chitosan |
| Subdivisión general |
Edible films |
| Fuente del encabezamiento o término |
atg |
| 650 13 - PUNTO DE ACCESO ADICIONAL DE MATERIA--TÉRMINO DE MATERIA |
| Término de materia o nombre geográfico como elemento de entrada |
Figs |
| Subdivisión general |
Postharvest technology |
| Fuente del encabezamiento o término |
atg |
| 700 1# - PUNTO DE ACCESO ADICIONAL--NOMBRE DE PERSONA |
| Nombre de persona |
Valle Guadarrama, Salvador |
| Término indicativo de función/relación |
director |
| 700 1# - PUNTO DE ACCESO ADICIONAL--NOMBRE DE PERSONA |
| Nombre de persona |
Gómez Cruz, Adalberto |
| Término indicativo de función/relación |
asesor |
| 700 1# - PUNTO DE ACCESO ADICIONAL--NOMBRE DE PERSONA |
| Nombre de persona |
Suárez Espinosa, Carlos |
| Término indicativo de función/relación |
asesor |
| 856 41 - LOCALIZACIÓN Y ACCESO ELECTRÓNICOS |
| Identificador Uniforme del Recurso |
<a href="http://10.13.5.2/tesis/sist113414.pdf">http://10.13.5.2/tesis/sist113414.pdf</a> |
| Texto de enlace |
DESCARGAR PDF |
| 901 ## - ELEMENTOS DE DATOS A LOCAL LDA (RLIN) |
| a |
TESIS G66 2016 |
| 942 ## - ELEMENTOS DE PUNTO DE ACCESO ADICIONAL (KOHA) |
| Tipo de ítem Koha |
TESIS |
| Fuente del sistema de clasificación o colocación |
Clasificación Universidad Autónoma Chapingo |
| 902 ## - ELEMENTOS DE DATOS B LOCAL, LDB (RLIN) |
| a |
M |
| 905 ## - ELEMENTOS DE DATOS E LOCAL, LDE (RLIN) |
| a |
5232272016 mx nmdl8223123322spa16 |